000
00200 a2200097 4500
001
3180
100
_a
UNESCO
245
_a
Educating Against Droy Abuse
260
_a
_b
France
_c
090
_c
2460
_d
2460
942
_a
NUST-CAE
_c
M
_c
16225
999
_c
238253
_d
238253